| 000 | 01111cam a22003134a 4500 | ||
|---|---|---|---|
| 001 | 13514712 | ||
| 005 | 20170105102857.0 | ||
| 008 | 040308s2005 maua b 001 0 eng | ||
| 010 | _a 2004046546 | ||
| 020 | _a0072851694 | ||
| 040 |
_aDLC _cDLC _dDLC |
||
| 042 | _apcc | ||
| 050 | 0 | 0 |
_aRJ133 _b.P39 2005 |
| 082 | 0 | 0 |
_a155.4/123 _222 |
| 100 | 1 |
_aPayne, V. Gregory, _d1950- |
|
| 245 | 1 | 0 |
_aHuman motor development : _ba lifespan approach / _cV. Gregory Payne, Larry D. Isaacs. |
| 250 | _a6th ed. | ||
| 260 |
_aBoston : _bMcGraw-Hill, _cc2005. |
||
| 300 |
_axxvii, 497, [53] p. : _bill. ; _c24 cm. |
||
| 504 | _aIncludes bibliographical references and indexes. | ||
| 650 | 0 | _aMotor ability in children. | |
| 650 | 0 | _aChild development. | |
| 650 | 0 | _aHuman mechanics. | |
| 700 | 1 |
_aIsaacs, Larry D. _q(Larry David), _d1949- |
|
| 856 | 4 | 1 |
_3Table of contents _uhttp://www.loc.gov/catdir/toc/fy051/2004046546.html |
| 906 |
_a7 _bcbc _corignew _d1 _eocip _f20 _gy-gencatlg |
||
| 942 |
_2ddc _cBK |
||
| 999 |
_c14536 _d14536 |
||